logo

Bir Sreshtho Munshi Abdur Rouf Library
Jhenaidah Cadet College

Journey into the whirlwind (Record no. 8457)

MARC details
000 -LEADER
fixed length control field 01125cam a2200325 4500
001 - CONTROL NUMBER
JCCL Control Number 8457
003 - CONTROL NUMBER IDENTIFIER
JCCL marc code BD-JhCC
005 - DATE AND TIME OF LATEST TRANSACTION
control field 20180224200741.0
008 - FIXED-LENGTH DATA ELEMENTS--GENERAL INFORMATION
fixed length control field 740809t19751967nyub 000 0aeng
020 ## - INTERNATIONAL STANDARD BOOK NUMBER
International Standard Book Number 0156465094
035 ## - SYSTEM CONTROL NUMBER
system control number (BD-JhCC)8457
040 ## - CATALOGING SOURCE
Original cataloging agency DLC
Transcribing agency DLC
Modifying agency DLC
-- BD-JhCC
041 1# - LANGUAGE CODE
Language code of Book engrus
050 00 - LIBRARY OF CONGRESS CALL NUMBER
Classification number DK268.3
Item number .G513 1975
082 00 - DEWEY DECIMAL CLASSIFICATION NUMBER
Classification number 365/.6/0924
-- B
Author mark and Year GIN 1985
100 1# - MAIN ENTRY--PERSONAL NAME
Personal name Ginzburg, Evgenii︠a︡ Semenovna.
240 10 - UNIFORM TITLE
Uniform title Krutoĭ marshrut.
245 10 - TITLE STATEMENT
Title Journey into the whirlwind
Statement of responsibility, etc [by] Eugenia Semyonovna Ginzburg. Translated by Paul Stevenson and Max Hayward.
260 ## - PUBLICATION, DISTRIBUTION, ETC. (IMPRINT)
Place of publication, distribution, etc New York,
Name of publisher, distributor, etc Harcourt Brace Jovanovich
Date of publication, distribution, etc [1975, c1967]
300 ## - PHYSICAL DESCRIPTION
Pagination 418 p.
Other physical details map.
Dimensions 21 cm.
490 0# - SERIES STATEMENT
Series statement A Harvest book, HB 304
500 ## - GENERAL NOTE
General note "A Helen and Kurt Wolff book."
500 ## - GENERAL NOTE
General note Translation of Krutoĭ marshrut.
600 10 - SUBJECT ADDED ENTRY--PERSONAL NAME
Personal name Ginzburg, Evgenii︠a︡ Semenovna.
650 #0 - SUBJECT ADDED ENTRY--TOPICAL TERM
Topical term or geographic name as entry element Political prisoners
Geographic subdivision Soviet Union
General subdivision Biography.
651 #0 - SUBJECT ADDED ENTRY--GEOGRAPHIC NAME
Geographic name Soviet Union
General subdivision Social conditions.
856 42 - ELECTRONIC LOCATION AND ACCESS
Materials specified Publisher description
Uniform Resource Identifier http://www.loc.gov/catdir/description/har041/74016406.html
942 ## - ADDED ENTRY ELEMENTS (KOHA)
Source of classification or shelving scheme Dewey Decimal Classification
Koha item type Books
Holdings
Source of classification or shelving scheme Damaged status Not for loan Home library Current library Shelving location Total Checkouts Full call number Barcode Date last seen Copy number Koha item type
Dewey Decimal Classification     JCC Rouf Library JCC Rouf Library General Stacks   365/.6/0924 GIN 1985 10981 02/24/2018 C - 12 Books

JCC Library | Contacts | JCC Home

Last Update on 23 September 2017
Copyright @ 2017-2020 JCC Rouf Library
Rouf Library, Jhenidah Cadet College (JCC), Bangladesh